• 首页
  • 本馆介绍
  • 公告通知
  • 最新文献
  • 馆藏检索
  • 电子资源
  • 读者导购
  • 参考咨询
  • 我的图书馆
  • 登录
  • 详细信息显示
  • 放入我的书架
  • 预约/预借图书
  • 作者相关作品
  • 分类相关作品
  • 丛书相关作品
  • 出版社相关作品

书目信息

  • 表格格式
  • 工作单格式
  • 卡片格式
题名:
发音语音学
    
 
作者: 罗安源 著
分册:  
出版信息: 北京   中央民族大学出版社  2005
页数: 249页
开本: 21cm
丛书名:
单 册:
中图分类: H018.1
科图分类:
主题词: 发音--生理语音学--高等学校--教材
电子资源:
ISBN: 7-81056-970-8
000 00778nam0 2200229 450
001 TS-212935
005 20070118170041.70
010    @a7-81056-970-8@dCNY25.00
100    @a20060829d2005 em y0chiy0110 ea
101 0  @achi
102    @aCN@b110000
105    @aa z 000yy
200 1  @a发音语音学@Afa yin yu yin xue@f罗安源著@FLuo An Yuan Zhu
210    @a北京@c中央民族大学出版社@d2005
215    @a249页@c图@d21cm
300    @a中央民族大学国家“十五”“211工程”建设项目
330    @a本书内容比较全面、详尽地描述了人类发音器官的构造以及各民族语言的发音要领,介绍了与发音有关的基本知识和训练方法。
606 0  @a发音@x生理语音学@x高等学校@y教材
690    @aH018.1@v4
701  0 @a罗安源@Aluo an yuan@4著
801  0 @aCN@b中图数据@c20070118
905    @a10447@dH018.1@e113
    
    发音语音学/罗安源著.-北京:中央民族大学出版社,2005
    249页:图;21cm
    中央民族大学国家“十五”“211工程”建设项目
    
    ISBN 7-81056-970-8:CNY25.00
    本书内容比较全面、详尽地描述了人类发音器官的构造以及各民族语言的发音要领,介绍了与发音有关的基本知识和训练方法。
●
相关链接 在E读中查询图书 在五车中查询图书 在当当中查询图书 在豆瓣中查询图书


正题名:发音语音学     索取号:H018.1/113         预约/预借

序号 登录号 条形码 馆藏地/架位号 状态 备注
1 0614080   206140807   第二样本阅览室/ [索取号:H018.1/113] 在馆    
2 0614081   206140816   第四借阅区/ [索取号:H018.1/113] 在馆    
3 0614082   206140825   第四借阅区/ [索取号:H018.1/113] 在馆    
4 0614083   206140834   第四借阅区/ [索取号:H018.1/113] 在馆    
5 0614084   206140843   第四借阅区/ [索取号:H018.1/113] 在馆    
6 0614085   206140852   第四借阅区/ [索取号:H018.1/113] 在馆    
唐山师范学院图书馆 欢迎您!
大连网信软件有限公司© 版权所有